000 00597nmm a2200169Ia 4500
008 251105s9999||||xx |||||||||||||||||und||
020 _a9789585000926
041 _aspa
100 _aCalderón Patiño,Sol Alejandra
245 0 _aLa escritura de la historia prehispánica en Colombia :
_b La obra de Ernesto Restrepo Tirado, 1892-1944
264 _a[Bogotá, Colombia] :
_bUniversidad del Rosario,
_c2023
300 _a376 páginas
490 _aCiencias Humanas
650 _aHistory of the Americas: Latin America
856 _uhttps://public.digitaliapublishing.com/a/127805
942 _cCF
999 _c95110
_d95110